| 000 -LEADER |
| fixed length control field |
00385 a2200145 4500 |
| 003 - CONTROL NUMBER IDENTIFIER |
| control field |
OSt |
| 005 - DATE AND TIME OF LATEST TRANSACTION |
| control field |
20240117163512.0 |
| 008 - FIXED-LENGTH DATA ELEMENTS--GENERAL INFORMATION |
| fixed length control field |
240117b ||||| |||| 00| 0 eng d |
| 020 ## - INTERNATIONAL STANDARD BOOK NUMBER |
| International Standard Book Number |
9789814577342 |
| 082 ## - DEWEY DECIMAL CLASSIFICATION NUMBER |
| Classification number |
624.18341 |
| 100 ## - MAIN ENTRY--PERSONAL NAME |
| Personal name |
Charles Edward Urquhart, Leonard Church; O'Rourke |
| 245 ## - TITLE STATEMENT |
| Title |
Design of Concrete Structures |
| 260 ## - PUBLICATION, DISTRIBUTION, ETC. (IMPRINT) |
| Name of publisher, distributor, etc |
McGraw-Hill Book Co. |
| Date of publication, distribution, etc |
1940 |
| 942 ## - ADDED ENTRY ELEMENTS (KOHA) |
| Source of classification or shelving scheme |
|